Famous Family Trees IV Quiz Stats

Quiz Updated Dec 3, 2014

Challenge
Share
Tweet
Score 0/15 Timer 10:00
2 Plays Today
% Correct
Superman
97.5%
George H.W. Bush
85.7%
Leonardo
82%
Pocahontas
80.8%
Martin Sheen
79.6%
Julius 'Groucho' Marx
74.7%
Romulus
63%
King Tutankhamun
60.1%
% Correct
Judith 'Judy' Jetson
56.8%
Sarah Palin (née Heath)
56.3%
Nicolas Cage
49.1%
Angelica Pickles
47%
Noah
44%
Violet Parr
43.2%
Lindsay Bluth Fünke (née Sitwell)
25.3%

You're not logged in!

Compare scores with friends on all Sporcle quizzes.
Sign Up with Email
OR
Log In

You Might Also Like...

Show Comments

Extras

Top Quizzes Today


Score Distribution

Your Account Isn't Verified!

In order to create a playlist on Sporcle, you need to verify the email address you used during registration. Go to your Sporcle Settings to finish the process.